Sociální práce časopis pro teorii, praxi a vzdělávání v sociální praci = časopis pre teóriu, prax a vzdelávanie v sociálnej práci

Guardado en:
Detalles Bibliográficos
Formato: Desconocido
Publicado: Brno Asociace vzdělavatelů v sociální práci 2005
Etiquetas: Agregar Etiqueta
Sin Etiquetas, Sea el primero en etiquetar este registro!

MARC

LEADER 00000 a2200000 4500
001 0036622
005 20220729102939.5
022 |a 1213-6204 
245 1 0 |a Sociální práce  |b časopis pro teorii, praxi a vzdělávání v sociální praci = časopis pre teóriu, prax a vzdelávanie v sociálnej práci 
264 1 |a Brno  |b Asociace vzdělavatelů v sociální práci  |c 2005 
773 0 |w eu_un_cat*0034221 
774 0 |w eu_un_cat*0089744